| 000 | 00742nam a22002297a 4500 | ||
|---|---|---|---|
| 005 | 20170124110012.0 | ||
| 010 | _aA-684686 | ||
| 020 |
_c00.00 _a8121003156 |
||
| 035 | _aA-684686 | ||
| 037 | _bCen Lib/Ret | ||
| 040 |
_aDPL _bEN |
||
| 082 |
_a342.5461 _bCHA |
||
| 100 |
_aChaturvedi, S.K. _917905 |
||
| 245 |
_aNepal : _cby S.K. Chaturvedi _binternal politics and its constitutions / |
||
| 260 |
_bInter-India Publications _aNew Delhi _c1993 |
||
| 270 |
_bNew Delhi _aD-17, Raja Garden _e110015 |
||
| 300 |
_a368p. _c21cm(Hb) |
||
| 500 | _aIncludes bibliographical references and index | ||
| 650 |
_aConstitutions--Nepal _986255 |
||
| 650 |
_aCrisis management--Nepal _986256 |
||
| 942 |
_2ddc _cEN _h342.5461 _mCHA |
||
| 999 |
_c126585 _d126585 |
||